Wernher von Braun : Alabama's rocket scientist / Doris-Jean Peak.
Record details
- ISBN: 9781594210440 (pbk. : alk. paper)
- ISBN: 1594210446 (pbk. : alk. paper)
- Physical Description: 112 pages : illustrations ; 22 cm.
- Publisher: Birmingham, Ala. : Seacoast Pub., Inc., c2009.
Search for related items by subject
| Subject: | Von Braun, Wernher, 1912-1977 > Juvenile literature Von Braun, Wernher, 1912-1977. |
Search for related items by series
Available copies
- 1 of 1 copy available at scottsboropl.
Holds
- 0 current holds with 1 total copy.
Show Only Available Copies
| Location | Call Number / Copy Notes | Barcode | Shelving Location | Status | Due Date |
|---|---|---|---|---|---|
| scottsboropl | J 629.409 Pea | 32269000873623 | Juvenile - NonFiction | Available | - |
| LDR | 00938pam a2200241 a 4500 | ||
|---|---|---|---|
| 001 | 133541 | ||
| 003 | CONS | ||
| 005 | 20140703073307.0 | ||
| 008 | 080610s2009 alua j 000 0beng | ||
| 010 | . | ‡a 2008930780 | |
| 020 | . | ‡a9781594210440 (pbk. : alk. paper) | |
| 020 | . | ‡a1594210446 (pbk. : alk. paper) | |
| 035 | . | ‡a(CPomAG)LMN505638 | |
| 100 | 1 | . | ‡aPeak, Doris Jean. |
| 245 | 1 | 0. | ‡aWernher von Braun : ‡bAlabama's rocket scientist / ‡cDoris-Jean Peak. |
| 246 | 3 | 0. | ‡aAlabama's rocket scientist |
| 260 | . | ‡aBirmingham, Ala. : ‡bSeacoast Pub., Inc., ‡cc2009. | |
| 300 | . | ‡a112 pages : ‡billustrations ; ‡c22 cm. | |
| 440 | 0. | ‡aAlabama roots biography series | |
| 600 | 1 | 0. | ‡aVon Braun, Wernher, ‡d1912-1977 ‡vJuvenile literature |
| 600 | 1 | 1. | ‡aVon Braun, Wernher, ‡d1912-1977. |
| 959 | . | ‡i32269000873623 ‡lJ 629.409 Pea ‡aJuvenile - NonFiction ‡tJuv Nonfiction ‡g10.00 | |
| 852 | . | ‡p32269000873623 ‡jJ 629.409 Pea ‡gJuvenile - NonFiction ‡cJuv Nonfiction ‡y10.00 ‡bSBPL | |
| 901 | . | ‡a133541 ‡bUnknown ‡c133541 ‡tbiblio | |